Rzeszów - quiz wielokrotnego wyboru - Statystyki

Ogólne statystyki
  • Ten quiz został rozwiązany 37 razy
  • Średni wynik to 8 z 10
Statystyki odpowiedzi
Zagadnienie Odpowiedź % Poprawnych
Rzeszów jest stolicą jakiego województwa? Podkarpackie
100%
Które drużyny należą do Derbów Rzeszowa w piłce nożnej? Stal Rzeszów vs Resovia Rzeszów
97%
Pod czyim zaborem znajdował się Rzeszów po I rozbiorze Polski? Austriackim
91%
Która miejscowość pod Rzeszowem jest znana z Zamku Lubomirskich i Potockich? Łańcut
88%
Z jakiego sportu, Rzeszów jest najbardziej znany pod względem sukcesów? Siatkówka
85%
Hasłem promocyjnym miasta Rzeszów jest? Stolica Innowacji
85%
Która autostrada przebiega przez Rzeszów? A4
82%
Jak się nazywają dwie główne rzeki przepływające przez Rzeszów? Wisłok i Strug
82%
Która z wymienionych stacji kolejowych nie leży w Rzeszowie bądź nie istnieje? Rzeszów Stare Miasto
59%
Który król panował, gdy Rzeszów otrzymał prawa miejskie? Kazimierz III Wielki
53%
Nie znaleziono quizów pasujących do podanych kryteriów
Rozkład punktacji
Procent ludzi z każdym wynikiem
Percentyl według liczby udzielonych odpowiedzi
Twoja historia wyników
Nie rozwiązałeś tego quizu